00478cam a2200181 a 4500001000800000005001700008008004100025010001700066020002500083040001800108041000800126080001800134082002200152100000700174101000800181245006600189504004100255434342620180216095136.0890315r1989 vaua b 000 0 eng  a 89006543  a0871201585 :c$21.95 aDLCcDLCdDLC aeng a371.146 ron00a371.146 ron220 a48 aedu00aCoaching and staff development :cedited by Ronald S. Brandt. aIncludes bibliographical references.